[Event "Rogachev"]
[Site "Rogachev"]
[Date "2022.10.01"]
[Round "8"]
[White "Gavrilov, Maxim"]
[Black "Novitzkij, Dmitrij"]
[Result "1/2-1/2"]
[WhiteElo "2176"]
[BlackElo "2269"]
[PlyCount "32"]
[EventDate "2022.09.27"]
[EventType "tourn"]
[EventRounds "9"]
[EventCountry "BLR"]
[EventCategory "1"]
[SourceTitle "CBM 210 Extra"]
[Source "ChessBase"]
[SourceDate "2022.11.30"]
[SourceVersion "1"]
[SourceVersionDate "2022.11.30"]
[SourceQuality "1"]

1. d4 d5 2. c4 c6 3. Nc3 Nf6 4. e3 g6 5. Nf3 Bg7 6. Be2 0-0 7. 0-0 Bg4 8. b3 e6 9. Bb2 Nbd7 10. h3 Bxf3 11. Bxf3 Qe7 12. Qc2 Rfe8 13. e4 e5 14. exd5 exd4 15. Ne2 c5 16. Nf4 Ne5 1/2-1/2

[Event "Rogachev"]
[Site "Rogachev"]
[Date "2022.09.28"]
[Round "3"]
[White "Novitzkij, Dmitrij"]
[Black "Naumovich, Yaroslav"]
[Result "1/2-1/2"]
[WhiteElo "2269"]
[BlackElo "2158"]
[PlyCount "160"]
[EventDate "2022.09.27"]
[EventType "tourn"]
[EventRounds "9"]
[EventCountry "BLR"]
[EventCategory "1"]
[SourceTitle "CBM 210 Extra"]
[Source "ChessBase"]
[SourceDate "2022.11.30"]
[SourceVersion "1"]
[SourceVersionDate "2022.11.30"]
[SourceQuality "1"]

1. e4 c6 2. d4 d5 3. e5 Bf5 4. h4 h5 5. Bg5 Qb6 6. Bd3 Bxd3 7. Qxd3 e6 8. Nd2 Nd7 9. Ngf3 Ne7 10. 0-0 Nf5 11. c4 Qa6 12. b3 Bb4 13. Rfd1 0-0 14. Nf1 Nb6 15. c5 Qxd3 16. Rxd3 Nd7 17. a3 Ba5 18. b4 Bc7 19. Ne3 Nxe3 20. Rxe3 f6 21. Bf4 a5 22. b5 cxb5 23. Rb1 b6 24. c6 Nb8 25. g3 f5 26. Rc3 b4 27. axb4 b5 28. bxa5 b4 29. Rc2 Bxa5 30. Ng5 Rc8 31. c7 Rxc7 32. Rxc7 Bxc7 33. Rxb4 Nc6 34. Rb7 Ra7 35. Rxa7 Nxa7 36. Nxe6 Bb6 37. Be3 Nc6 38. Kf1 Kf7 39. Ng5+ Ke8 40. Nf3 Nd8 41. Ke2 Ne6 42. Kd3 Kd7 43. Bd2 g6 44. Bc3 f4 45. Ne1 fxg3 46. fxg3 Bd8 47. Bd2 Ng7 48. Ng2 Ne6 49. Ne3 Kc6 50. Nc2 Be7 51. Bb4 Bd8 52. Ba3 Ba5 53. Bd6 Kb5 54. Be7 Bb6 55. Bd6 Ba5 56. Ne3 Kc6 57. Ba3 Bb6 58. Bb2 Bd8 59. Nc2 Kb5 60. Kc3 Ba5+ 61. Kd3 Bd8 62. Ne1 Kc6 63. Bc1 Ba5 64. Ng2 Bb4 65. Bh6 Ba5 66. Bc1 Bb4 67. Bb2 Ba5 68. Ke3 Bd8 69. Bc3 Kd7 70. Kf3 Bb6 71. Nf4 Nxf4 72. Kxf4 Bd8 73. Be1 Ke6 74. g4 Be7 75. Bf2 Bd8 76. Kg3 Be7 77. Kh3 Bb4 78. Be3 Be1 79. Bc1 Bf2 80. Bb2 Be1 1/2-1/2

[Event "Cheliabinsk Variation-A"]
[Site "Cheliabinsk"]
[Date "2022.04.04"]
[Round "4"]
[White "Goganov, Aleksey"]
[Black "Novitzkij, Dmitrij"]
[Result "1-0"]
[WhiteElo "2563"]
[BlackElo "2283"]
[PlyCount "47"]
[EventDate "2022.04.01"]
[EventType "swiss"]
[EventRounds "9"]
[EventCountry "RUS"]
[SourceTitle "CBM 207 Extra"]
[Source "ChessBase"]
[SourceDate "2022.05.31"]
[SourceVersion "1"]
[SourceVersionDate "2022.05.31"]
[SourceQuality "1"]

1. e4 e5 2. Nf3 Nc6 3. Bb5 a6 4. Ba4 d6 5. 0-0 Bd7 6. c3 g6 7. d4 Bg7 8. Re1 Nf6 9. Nbd2 0-0 10. Nf1 Qe8 11. Bc2 h6 12. Ng3 Qe7 13. h3 Nh7 14. Be3 f5 15. exf5 gxf5 16. dxe5 dxe5 17. Bc5 Qxc5 18. Qxd7 e4 19. Nh4 Ne5 20. Bb3+ Kh8 21. Ngxf5 Bf6 22. Qd4 Nf3+ 23. gxf3 Bxd4 24. Ng6# 1-0

[Event "Orsha op-F 20th"]
[Site "Orsha"]
[Date "2022.02.04"]
[Round "4"]
[White "Lysenko, Margarita"]
[Black "Novitzkij, Dmitrij"]
[Result "1-0"]
[WhiteElo "2262"]
[BlackElo "2298"]
[PlyCount "91"]
[EventDate "2022.02.02"]
[EventType "tourn"]
[EventRounds "9"]
[EventCountry "BLR"]
[EventCategory "1"]
[SourceTitle "CBM 206 Extra"]
[Source "ChessBase"]
[SourceDate "2022.03.31"]
[SourceVersion "1"]
[SourceVersionDate "2022.03.31"]
[SourceQuality "1"]

1. d4 d5 2. c4 c6 3. Nc3 Nf6 4. e3 g6 5. Nf3 Bg7 6. Be2 0-0 7. 0-0 Bg4 8. cxd5 cxd5 9. Qb3 b6 10. h3 Bxf3 11. Bxf3 e6 12. Bd2 Nc6 13. Qb5 Qd7 14. Rfd1 a6 15. Qe2 b5 16. Be1 Rfc8 17. a3 Ne8 18. h4 Nd6 19. g3 Ra7 20. Bg2 f5 21. Na2 Rac7 22. Nc1 Nd8 23. Nd3 N8b7 24. Rdc1 Rxc1 25. Rxc1 Rxc1 26. Nxc1 Qc6 27. Nd3 Qc4 28. Qd1 Qa2 29. Qc1 Nc4 30. Bc3 Bf8 31. Nf4 Nd8 32. Nxe6 Nxe6 33. Bxd5 Kf7 34. e4 Kf6 35. exf5 gxf5 36. Bf3 Kf7 37. d5 Ng7 38. Qh6 Qb1+ 39. Kg2 Qd3 40. h5 a5 41. Qf6+ Ke8 42. h6 b4 43. hxg7 Bxg7 44. Qc6+ Ke7 45. Qc7+ Ke8 46. Bh5+ 1-0

[Event "Orsha op-F 20th"]
[Site "Orsha"]
[Date "2022.02.03"]
[Round "3"]
[White "Novitzkij, Dmitrij"]
[Black "Dimitrova, Aleksandra"]
[Result "1/2-1/2"]
[WhiteElo "2298"]
[BlackElo "2197"]
[PlyCount "112"]
[EventDate "2022.02.02"]
[EventType "tourn"]
[EventRounds "9"]
[EventCountry "BLR"]
[EventCategory "1"]
[SourceTitle "CBM 206 Extra"]
[Source "ChessBase"]
[SourceDate "2022.03.31"]
[SourceVersion "1"]
[SourceVersionDate "2022.03.31"]
[SourceQuality "1"]

1. Nf3 Nf6 2. c4 e6 3. b3 d5 4. Bb2 Be7 5. g3 0-0 6. Bg2 c5 7. cxd5 Nxd5 8. 0-0 Nc6 9. Nc3 Bf6 10. Qc1 Nxc3 11. Bxc3 Nd4 12. Re1 Rb8 13. Nxd4 Bxd4 14. Bxd4 Qxd4 15. e3 Qd6 16. Qa3 e5 17. Qxa7 b6 18. d3 Bg4 19. h3 Bf5 20. Red1 Rfd8 21. Rd2 Qd7 22. Qxd7 Rxd7 23. Rad1 Rbd8 24. Bf1 Kf8 25. f4 f6 26. fxe5 fxe5 27. Rf2 Rf7 28. g4 Bg6 29. Rxf7+ Kxf7 30. Kf2 h5 31. Ke1 hxg4 32. hxg4 Kf6 33. Kf2 Kg5 34. Be2 Ra8 35. Rd2 Rd8 36. Kg3 Rd7 37. Bf1 Rd8 38. Rf2 Rh8 39. b4 cxb4 40. Rb2 Rd8 41. Rxb4 Bxd3 42. Bxd3 Rxd3 43. Kf3 Ra3 44. Rb5 Rxa2 45. Rxe5+ Kf6 46. Rb5 Ra6 47. g5+ Kg6 48. Kf4 Kf7 49. e4 Ke7 50. Rb3 Ke6 51. Rb2 Ke7 52. Rc2 Ra7 53. Rb2 Rb7 54. Ke5 b5 55. Rb4 Rb6 56. Kd5 Rd6+ 1/2-1/2

[Event "Orsha op-F 20th"]
[Site "Orsha"]
[Date "2022.02.02"]
[Round "1"]
[White "Borisova, Ekaterina"]
[Black "Novitzkij, Dmitrij"]
[Result "1/2-1/2"]
[WhiteElo "2250"]
[BlackElo "2298"]
[PlyCount "95"]
[EventDate "2022.02.02"]
[EventType "tourn"]
[EventRounds "9"]
[EventCountry "BLR"]
[EventCategory "1"]
[SourceTitle "CBM 206 Extra"]
[Source "ChessBase"]
[SourceDate "2022.03.31"]
[SourceVersion "1"]
[SourceVersionDate "2022.03.31"]
[SourceQuality "1"]

1. d4 d5 2. c4 c6 3. Nf3 Nf6 4. Nc3 g6 5. cxd5 cxd5 6. Bf4 Bg7 7. e3 0-0 8. Be2 Nc6 9. h3 Bf5 10. 0-0 a6 11. Rc1 Ne4 12. Qb3 Na5 13. Qb4 Rc8 14. Na4 b5 15. Rxc8 Bxc8 16. Rc1 Nc4 17. b3 Ncd6 18. Nc5 a5 19. Qe1 Qb6 20. Ne5 Bxe5 21. Bxe5 f6 22. Bh2 b4 23. Na4 Qd8 24. h4 Bd7 25. f3 Bxa4 26. fxe4 Be8 27. exd5 Bf7 28. Bf3 Nb5 29. Rc5 Qd7 30. Qf1 Nc3 31. Qc4 Qf5 32. Bc7 g5 33. e4 Nxe4 34. Qc2 Nd6 35. Bxd6 Qxc2 36. Rxc2 exd6 37. Rc6 Rd8 38. Ra6 h5 39. Rxa5 Rc8 40. g3 g4 41. Bg2 Rc3 42. Kf2 Rd3 43. Be4 Rxd4 44. Ke3 Rd1 45. Ra6 Re1+ 46. Kf4 Rf1+ 47. Ke3 Re1+ 48. Kf4 1/2-1/2

[Event "Grodno-A"]
[Site "Grodno"]
[Date "2021.08.09"]
[Round "6"]
[White "Smirnova, Ekaterina"]
[Black "Novitzkij, Dmitrij"]
[Result "1-0"]
[WhiteElo "2222"]
[BlackElo "2313"]
[PlyCount "131"]
[EventDate "2021.08.05"]
[EventType "tourn"]
[EventRounds "9"]
[EventCountry "BLR"]
[SourceTitle "EXT 2022"]
[Source "ChessBase"]
[SourceDate "2021.10.06"]
[SourceVersion "1"]
[SourceVersionDate "2021.10.06"]
[SourceQuality "1"]

1. d4 d5 2. c4 dxc4 3. e3 e5 4. Bxc4 exd4 5. exd4 Bb4+ 6. Nc3 Nf6 7. Nf3 0-0 8. 0-0 Nc6 9. h3 Bf5 10. Bg5 Bxc3 11. bxc3 Qd6 12. Qc1 Nd5 13. Re1 Rfe8 14. Qb2 Nb6 15. Bb3 Be6 16. Bh4 Na5 17. Bg3 Qd7 18. Bxe6 Rxe6 19. Rxe6 fxe6 20. Re1 Re8 21. Qc2 Nd5 22. c4 Nb4 23. Qe4 Nxc4 24. Qxb7 Nd5 25. Qxa7 Qb5 26. Qc5 Qxc5 27. dxc5 Ra8 28. Re4 Nb2 29. Rxe6 Rxa2 30. Re8+ Kf7 31. Rd8 Ra1+ 32. Kh2 Rd1 33. Rd7+ Kf6 34. Be5+ Ke6 35. Rxg7 Nd3 36. Bxc7 Nxf2 37. Bd6 Rh1+ 38. Kg3 Ne4+ 39. Kh4 Nxd6 40. cxd6 Kxd6 41. Rxh7 Nf4 42. Kg3 Ne2+ 43. Kg4 Ra1 44. Rh6+ Kd5 45. Rh8 Ra4+ 46. Kg5 Nf4 47. g4 Ne6+ 48. Kh4 Ra3 49. Rh5+ Kd6 50. Rf5 Ke7 51. Ng5 Nf8 52. Kh5 Ra6 53. Ne4 Ne6 54. Re5 Kf8 55. g5 Nf4+ 56. Kg4 Ng6 57. Rf5+ Kg7 58. Nc5 Rd6 59. Kg3 Ne7 60. Re5 Ng6 61. Re3 Rd1 62. Ne6+ Kf7 63. Nf4 Rg1+ 64. Ng2 Ne7 65. Re1 Nf5+ 66. Kf4 1-0

[Event "Grodno-A"]
[Site "Grodno"]
[Date "2021.08.08"]
[Round "5"]
[White "Novitzkij, Dmitrij"]
[Black "Piliposyan, Robert"]
[Result "1/2-1/2"]
[WhiteElo "2313"]
[BlackElo "2113"]
[PlyCount "103"]
[EventDate "2021.08.05"]
[EventType "tourn"]
[EventRounds "9"]
[EventCountry "BLR"]
[SourceTitle "EXT 2022"]
[Source "ChessBase"]
[SourceDate "2021.10.06"]
[SourceVersion "1"]
[SourceVersionDate "2021.10.06"]
[SourceQuality "1"]

1. Nf3 Nf6 2. g3 b5 3. Bg2 Bb7 4. 0-0 e6 5. b3 Be7 6. Bb2 0-0 7. c4 a6 8. d3 c5 9. Nbd2 d5 10. Ne5 Qc7 11. e3 Rd8 12. Qe2 dxc4 13. Bxb7 Qxb7 14. dxc4 Nbd7 15. Ndf3 Nxe5 16. Nxe5 Ne4 17. Rad1 bxc4 18. Nxc4 Rxd1 19. Qxd1 Rd8 20. Qe2 Qd5 21. f3 Nd2 22. e4 Qd3 23. Qxd3 Rxd3 24. Nxd2 Rxd2 25. Rf2 Rd1+ 26. Kg2 f5 27. Rc2 Kf7 28. Kf2 g5 29. Ba3 c4 30. Bxe7 cxb3 31. axb3 Kxe7 32. exf5 exf5 33. Rc7+ Ke6 34. Rxh7 Rb1 35. Rh6+ Ke5 36. Rxa6 Rb2+ 37. Kg1 Rxb3 38. Rg6 Rxf3 39. Rxg5 Kf6 40. Kg2 Ra3 41. h4 Ra2+ 42. Kh3 Ra1 43. Rg8 Kf7 44. Rb8 Kg6 45. Rb6+ Kg7 46. Rb4 Ra2 47. Rb5 Kg6 48. Rb6+ Kh5 49. Rf6 Rf2 50. Rxf5+ Rxf5 51. g4+ Kg6 52. gxf5+ 1/2-1/2

[Event "Grodno-A"]
[Site "Grodno"]
[Date "2021.08.07"]
[Round "4"]
[White "Cherepov, Alexej"]
[Black "Novitzkij, Dmitrij"]
[Result "1/2-1/2"]
[WhiteElo "2194"]
[BlackElo "2313"]
[PlyCount "50"]
[EventDate "2021.08.05"]
[EventType "tourn"]
[EventRounds "9"]
[EventCountry "BLR"]
[SourceTitle "EXT 2022"]
[Source "ChessBase"]
[SourceDate "2021.10.06"]
[SourceVersion "1"]
[SourceVersionDate "2021.10.06"]
[SourceQuality "1"]

1. d4 d5 2. c4 dxc4 3. e4 Nc6 4. d5 Ne5 5. Bf4 Ng6 6. Be3 Nf6 7. Nc3 e6 8. Bxc4 exd5 9. exd5 a6 10. a3 Bd6 11. Nf3 0-0 12. 0-0 Bd7 13. h3 Re8 14. Re1 b5 15. Bf1 c5 16. dxc6 Bxc6 17. Nd4 Bb7 18. Nf5 Be5 19. Bd4 Qc7 20. Bxe5 Rxe5 21. Qd6 Qxd6 22. Nxd6 Bc6 23. Rxe5 Nxe5 24. Re1 Ng6 25. Nf5 Kf8 1/2-1/2

[Event "Grodno-A"]
[Site "Grodno"]
[Date "2021.08.05"]
[Round "1"]
[White "Pakhomov, Alexey"]
[Black "Novitzkij, Dmitrij"]
[Result "1/2-1/2"]
[WhiteElo "2315"]
[BlackElo "2313"]
[PlyCount "26"]
[EventDate "2021.08.05"]
[EventType "tourn"]
[EventRounds "9"]
[EventCountry "BLR"]
[SourceTitle "EXT 2022"]
[Source "ChessBase"]
[SourceDate "2021.10.06"]
[SourceVersion "1"]
[SourceVersionDate "2021.10.06"]
[SourceQuality "1"]

1. d4 d5 2. c4 c6 3. Nf3 Nf6 4. e3 e6 5. Bd3 dxc4 6. Bxc4 b5 7. Bd3 Bb7 8. 0-0 Bd6 9. Nc3 a6 10. Qe2 Nbd7 11. e4 e5 12. dxe5 Nxe5 13. Nxe5 Bxe5 1/2-1/2

[Event "Orsha IM"]
[Site "Orsha"]
[Date "2020.01.21"]
[Round "6"]
[White "Novitzkij, Dmitrij"]
[Black "Goltseva, Ekaterina"]
[Result "0-1"]
[WhiteElo "2329"]
[BlackElo "2304"]
[PlyCount "110"]
[EventDate "2020.01.18"]
[EventType "tourn"]
[EventRounds "9"]
[EventCountry "BLR"]
[EventCategory "2"]
[SourceTitle "CBM 194 Extra"]
[Source "ChessBase"]
[SourceDate "2020.03.31"]
[SourceVersion "1"]
[SourceVersionDate "2020.03.31"]
[SourceQuality "1"]

1. e4 e5 2. f4 d5 3. exd5 exf4 4. Nf3 Nf6 5. c4 Bd6 6. d4 0-0 7. Be2 b6 8. Ne5 Bb4+ 9. Nc3 Ne4 10. 0-0 Nxc3 11. bxc3 Bxc3 12. Rb1 c5 13. Nf3 Qf6 14. dxc5 bxc5 15. Rb3 Bg4 16. Qc2 Bxf3 17. Bxf3 Bd4+ 18. Kh1 Nd7 19. Be4 g6 20. Rxf4 Qe5 21. Rf1 Nf6 22. Bf3 Rab8 23. Bd2 Rfe8 24. g3 Qe7 25. Bf4 Be5 26. Re1 Qd6 27. Rxb8 Qxb8 28. Bd2 h5 29. Qb3 Qc8 30. Kg2 Qd7 31. Qa3 Bd4 32. Rxe8+ Nxe8 33. Qa6 Nd6 34. Bf4 Nf5 35. Qc6 Qd8 36. h4 Ne3+ 37. Kh3 Nxc4 38. d6 Be5 39. Qc7 Qxd6 40. Qxd6 Bxd6 41. Bd5 Nb6 42. Bxd6 Nxd5 43. Bxc5 a6 44. g4 f6 45. Kg3 Kf7 46. Kf3 Ke6 47. Bd4 f5 48. gxh5 gxh5 49. Bh8 Ne7 50. Bc3 Ng6 51. Be1 Kd5 52. Ke3 f4+ 53. Kd3 Ne5+ 54. Kc3 Ke4 55. Kb4 Nd3+ 0-1

[Event "Orsha IM"]
[Site "Orsha"]
[Date "2019.01.22"]
[Round "7"]
[White "Novitzkij, Dmitrij"]
[Black "Kononenko, Dmitry1111"]
[Result "1/2-1/2"]
[WhiteElo "2312"]
[BlackElo "2222"]
[PlyCount "47"]
[EventDate "2019.01.18"]
[EventType "tourn"]
[EventRounds "9"]
[EventCountry "BLR"]
[EventCategory "2"]
[SourceTitle "CBM 188 Extra"]
[Source "ChessBase"]
[SourceDate "2019.02.26"]
[SourceVersion "1"]
[SourceVersionDate "2019.02.26"]
[SourceQuality "1"]

1. e4 c6 2. d4 d5 3. exd5 cxd5 4. Bd3 Nf6 5. c3 Nc6 6. Bf4 g6 7. Nf3 Bf5 8. Bxf5 gxf5 9. Nbd2 Rg8 10. 0-0 e6 11. c4 Bd6 12. Bxd6 Qxd6 13. Rc1 Ne4 14. Re1 Rd8 15. Nf1 dxc4 16. Rxc4 b5 17. Rc1 Nxd4 18. Nxd4 Qxd4 19. Qxd4 Rxd4 20. Rc8+ Rd8 21. Rc7 Rd7 22. Rc8+ Rd8 23. Rc7 Rd7 24. Rc8+ 1/2-1/2

[Event "Orsha blitz op"]
[Site "Orsha"]
[Date "2019.01.19"]
[Round "6"]
[White "Novitzkij, Dmitrij"]
[Black "Strybuk, Artsiom I"]
[Result "1/2-1/2"]
[WhiteElo "2256"]
[BlackElo "1994"]
[PlyCount "65"]
[EventDate "2019.01.19"]
[EventType "swiss (blitz)"]
[EventRounds "10"]
[EventCountry "BLR"]
[SourceTitle "CBM 189 Extra"]
[Source "ChessBase"]
[SourceDate "2019.06.03"]
[SourceVersion "1"]
[SourceVersionDate "2019.06.03"]
[SourceQuality "1"]

1. e4 e5 2. Nc3 Bc5 3. g3 d6 4. Bg2 Nc6 5. Nge2 a6 6. Nd5 Nge7 7. c3 Nxd5 8. exd5 Ne7 9. d4 exd4 10. Nxd4 0-0 11. 0-0 Nf5 12. Nb3 Bb6 13. Re1 Bd7 14. Qf3 Qf6 15. Bd2 Rae8 16. h3 Qg6 17. Bf4 h5 18. Kh2 Nh6 19. Bf1 Bf5 20. Bxh6 gxh6 21. Nd4 Bxd4 22. cxd4 Be4 23. Qf4 Bxd5 24. Rac1 c6 25. a3 Kg7 26. Re3 Qf6 27. Qxf6+ Kxf6 28. Rce1 Re6 29. Rxe6+ fxe6 30. f4 b5 31. Be2 h4 32. g4 c5 33. dxc5 1/2-1/2

[Event "Minsk Amateur op"]
[Site "Minsk"]
[Date "2018.07.01"]
[Round "9"]
[White "Novitzkij, Dmitrij"]
[Black "Galperin, Platon"]
[Result "0-1"]
[WhiteElo "2311"]
[BlackElo "2320"]
[PlyCount "148"]
[EventDate "2018.06.25"]
[EventType "swiss"]
[EventRounds "9"]
[EventCountry "BLR"]
[SourceTitle "CBM 185 Extra"]
[Source "ChessBase"]
[SourceDate "2018.07.29"]
[SourceVersion "1"]
[SourceVersionDate "2018.07.29"]
[SourceQuality "1"]

1. e4 e6 2. d4 d5 3. e5 c5 4. c3 Qb6 5. Nf3 Nc6 6. a3 Nh6 7. b4 cxd4 8. cxd4 Nf5 9. Bb2 Bd7 10. g4 Nfe7 11. Nc3 h5 12. gxh5 Nf5 13. Na4 Qc7 14. Rc1 a6 15. Nc5 Rxh5 16. Be2 Rh3 17. Nd2 Nfxd4 18. Nxa6 Qxe5 19. b5 Rxa6 20. bxa6 bxa6 21. Kf1 Rxh2 22. Rxh2 Qxh2 23. Bf3 e5 24. Ke1 e4 25. Nf1 Qe5 26. Bg4 Bxg4 27. Qxg4 Nf3+ 28. Qxf3 Qxb2 29. Qc3 Qxc3+ 30. Rxc3 Kd7 31. Rb3 Bc5 32. Ne3 Ke6 33. Rc3 Ne5 34. Ke2 Bd6 35. Nc2 Nf3 36. Rc6 d4 37. Ne1 d3+ 38. Kd1 Ne5 39. Rxa6 Nc4 40. a4 Kd5 41. Ng2 Bc5 42. Ke1 Bb4+ 43. Kf1 f5 44. Rg6 Bc3 45. a5 Bxa5 46. Rxg7 Nd2+ 47. Ke1 Nc4+ 48. Kf1 Bd2 49. Rf7 Ke6 50. Rf8 Nb2 51. Rb8 Bc1 52. Rb6+ Kd7 53. Rb4 Kc6 54. Ne3 Bxe3 55. Rxb2 Bd4 56. Rb8 Kd5 57. Rf8 Ke5 58. Re8+ Kf4 59. Rf8 Kg4 60. Rg8+ Kf3 61. Rg3+ Kf4 62. Rg8 Bc3 63. Rf8 Bd2 64. Rg8 Ke5 65. Re8+ Kd4 66. Ra8 f4 67. Ra4+ Kd5 68. Ra8 e3 69. fxe3 fxe3 70. Re8 Kc4 71. Kg2 e2 72. Kf2 e1Q+ 73. Rxe1 Bxe1+ 74. Kxe1 Kc3 0-1

[Event "Minsk Amateur op"]
[Site "Minsk"]
[Date "2018.06.29"]
[Round "7"]
[White "Novitzkij, Dmitrij"]
[Black "Punin, Andrii"]
[Result "1-0"]
[WhiteElo "2311"]
[BlackElo "2296"]
[PlyCount "91"]
[EventDate "2018.06.25"]
[EventType "swiss"]
[EventRounds "9"]
[EventCountry "BLR"]
[SourceTitle "CBM 185 Extra"]
[Source "ChessBase"]
[SourceDate "2018.07.29"]
[SourceVersion "1"]
[SourceVersionDate "2018.07.29"]
[SourceQuality "1"]

1. b3 g6 2. Bb2 Nf6 3. c4 Bg7 4. Nf3 0-0 5. g3 b6 6. Bg2 Bb7 7. 0-0 c5 8. Nc3 Ne4 9. Qc2 Nxc3 10. Bxc3 Bxc3 11. Qxc3 d6 12. d4 cxd4 13. Nxd4 Bxg2 14. Kxg2 a6 15. h4 h5 16. Qf3 Ra7 17. Rad1 Qc8 18. Qe3 Re8 19. Nf3 Nd7 20. Rd3 Qc6 21. Rfd1 Raa8 22. Kg1 Nf6 23. a4 Qc5 24. Rd4 Ng4 25. Qd2 a5 26. Ng5 e5 27. Rxg4 hxg4 28. Ne4 Qc6 29. Nf6+ Kg7 30. Nxe8+ Rxe8 31. Qxd6 Qe4 32. Qd3 Qxd3 33. Rxd3 Re6 34. Rd5 Kf6 35. Kf1 Rc6 36. Ke1 Ke6 37. Kd2 Rd6 38. Rxd6+ Kxd6 39. Kc3 Kc5 40. f3 f5 41. fxg4 fxg4 42. e4 Kd6 43. b4 Kc6 44. Kb3 Kb7 45. c5 bxc5 46. bxa5 1-0

[Event "Orsha blitz op"]
[Site "Orsha"]
[Date "2018.02.03"]
[Round "4"]
[White "Stupak, Kirill"]
[Black "Novitzkij, Dmitrij"]
[Result "1-0"]
[WhiteElo "2541"]
[BlackElo "2310"]
[PlyCount "103"]
[EventDate "2018.02.03"]
[EventType "swiss (blitz)"]
[EventRounds "9"]
[EventCountry "BLR"]
[SourceTitle "CBM 182 Extra"]
[Source "ChessBase"]
[SourceDate "2018.02.23"]
[SourceVersion "1"]
[SourceVersionDate "2018.02.23"]
[SourceQuality "1"]

1. d4 Nf6 2. g3 d5 3. Nf3 g6 4. Bg2 Bg7 5. c4 c6 6. 0-0 0-0 7. Qb3 Qb6 8. Nc3 Rd8 9. Rd1 Bf5 10. Ne1 Na6 11. Bf4 Be6 12. c5 Qxb3 13. axb3 Bf5 14. h3 h5 15. f3 Ne8 16. g4 hxg4 17. hxg4 Be6 18. e3 f6 19. Nd3 Bf7 20. b4 Nac7 21. Bg3 g5 22. Bf1 Bg6 23. Nc1 e5 24. Bd3 Bf7 25. b5 Ne6 26. Nb3 N8c7 27. Ra4 cxb5 28. Nxb5 Nxb5 29. Bxb5 Bg6 30. Bd3 Bxd3 31. Rxd3 a6 32. Rb4 Rd7 33. Na5 Rb8 34. Rdb3 Re8 35. Rxb7 Rxb7 36. Nxb7 exd4 37. c6 dxe3 38. Rxe3 f5 39. Re2 f4 40. Be1 Nc7 41. Rxe8+ Nxe8 42. b4 Bd4+ 43. Bf2 Be5 44. Nc5 Nc7 45. Nb7 Kf7 46. Bb6 Ke6 47. Kf2 Bc3 48. Bxc7 Bxb4 49. Ke2 d4 50. Ba5 Be7 51. Kd3 Kd5 52. c7 1-0

[Event "Sochi Doroshkevich Amateur op"]
[Site "Sochi"]
[Date "2017.12.26"]
[Round "7"]
[White "Dolzhenkov, Yuriy"]
[Black "Novitzkij, Dmitrij"]
[Result "0-1"]
[WhiteElo "2271"]
[BlackElo "2298"]
[PlyCount "104"]
[EventDate "2017.12.21"]
[EventType "swiss"]
[EventRounds "9"]
[EventCountry "RUS"]
[SourceTitle "CBM 182 Extra"]
[Source "ChessBase"]
[SourceDate "2018.02.23"]
[SourceVersion "1"]
[SourceVersionDate "2018.02.23"]
[SourceQuality "1"]

1. e4 e5 2. Nf3 Nc6 3. Bc4 Be7 4. d4 d6 5. h3 Nf6 6. Nc3 0-0 7. 0-0 h6 8. a3 Bd7 9. d5 Nb8 10. Nh2 Nh7 11. f4 exf4 12. Bxf4 Bg5 13. Qf3 Bf6 14. Rae1 Re8 15. Kh1 Bc8 16. Bd3 Nd7 17. Ng4 Ne5 18. Nxe5 dxe5 19. Be3 Qe7 20. Rd1 Rf8 21. Ne2 Bg5 22. Bg1 g6 23. b4 b6 24. c4 a5 25. c5 axb4 26. axb4 Ra3 27. cxb6 cxb6 28. Bxb6 Qxb4 29. Qf2 Rxd3 30. Rxd3 Qxe4 31. Rdd1 Nf6 32. d6 Bxh3 33. Ng1 Bd7 34. Nf3 Ng4 35. Qe1 Qc6 36. Bf2 Bf4 37. Bg3 Ne3 38. Bxf4 exf4 39. Qd2 Nxf1 40. Rxf1 g5 41. Rc1 Qb5 42. Qd4 Re8 43. Kh2 g4 44. Nd2 Qg5 45. Ne4 g3+ 46. Kg1 Rxe4 47. Qxe4 f3 48. Qa8+ Kh7 49. Qe4+ Bf5 50. Rc5 f2+ 51. Kf1 Bxe4 52. Rxg5 Bd3# 0-1

[Event "Sochi Doroshkevich Amateur op"]
[Site "Sochi"]
[Date "2017.12.25"]
[Round "6"]
[White "Novitzkij, Dmitrij"]
[Black "Prokhorko, Mikhail"]
[Result "1-0"]
[WhiteElo "2298"]
[BlackElo "2095"]
[PlyCount "107"]
[EventDate "2017.12.21"]
[EventType "swiss"]
[EventRounds "9"]
[EventCountry "RUS"]
[SourceTitle "CBM 182 Extra"]
[Source "ChessBase"]
[SourceDate "2018.02.23"]
[SourceVersion "1"]
[SourceVersionDate "2018.02.23"]
[SourceQuality "1"]

1. e4 c6 2. d4 Qc7 3. Nc3 d6 4. Nf3 e5 5. a4 Bg4 6. h3 Bh5 7. g4 Bg6 8. Nh4 Be7 9. Nxg6 hxg6 10. Bg2 Nd7 11. Be3 Ngf6 12. 0-0 Nf8 13. f4 Ne6 14. Ne2 Rd8 15. c3 Nd7 16. Qd2 a5 17. f5 gxf5 18. exf5 Nef8 19. g5 f6 20. g6 Nb6 21. b3 Nd5 22. Bf2 Nd7 23. h4 N7b6 24. Bf3 Kd7 25. Rac1 Kc8 26. c4 Nb4 27. d5 Kb8 28. h5 Rde8 29. Ng3 Nd7 30. Ne4 Rd8 31. Rfd1 c5 32. Be3 Rdg8 33. Kf2 Qc8 34. Rh1 Nf8 35. Ng3 Nd7 36. Be4 Bf8 37. Rcg1 Qd8 38. h6 gxh6 39. Bxh6 Bxh6 40. Rxh6 Rxh6 41. Qxh6 Rh8 42. Qg7 Na2 43. Rh1 Rxh1 44. Bxh1 e4 45. Nxe4 Ne5 46. Kg3 Qb6 47. Qxf6 Qxb3+ 48. Kh4 Ka7 49. Qxd6 Qb2 50. Qxc5+ Kb8 51. g7 Qh2+ 52. Kg5 Nf7+ 53. Kf6 Nh6 54. Qd6+ 1-0

[Event "BLR-chT"]
[Site "Minsk"]
[Date "2016.05.01"]
[Round "7"]
[White "Novitzkij, Dmitrij"]
[Black "Vitalisov, Ivan"]
[Result "1-0"]
[WhiteElo "2317"]
[BlackElo "1865"]
[PlyCount "111"]
[EventDate "2016.04.25"]
[EventType "team-swiss"]
[EventRounds "7"]
[EventCountry "BLR"]
[SourceTitle "CBM 172 Extra"]
[Source "ChessBase"]
[SourceDate "2016.06.21"]
[SourceVersion "1"]
[SourceVersionDate "2016.06.21"]
[SourceQuality "1"]
[WhiteTeam "Vector"]
[BlackTeam "Mogilev Osdushor"]
[WhiteTeamCountry "BLR"]
[BlackTeamCountry "BLR"]

1. e4 e5 2. Nc3 Nf6 3. g3 d5 4. exd5 Nxd5 5. Bg2 Nxc3 6. bxc3 Bd6 7. Ne2 Nc6 8. Rb1 0-0 9. 0-0 Ne7 10. d3 c6 11. c4 Ng6 12. f4 exf4 13. Nxf4 Nxf4 14. Bxf4 Bxf4 15. Rxf4 Qa5 16. d4 Be6 17. Rxb7 Bxc4 18. Bxc6 Rad8 19. a4 Rd6 20. Bf3 f5 21. Be2 Qxa4 22. c3 Qxd1+ 23. Bxd1 Rb6 24. Rc7 Rb1 25. Rxc4 Rxd1+ 26. Rf1 Rd2 27. Rf2 Rd1+ 28. Kg2 g6 29. Rc7 Rf7 30. Rxf7 Kxf7 31. Ra2 Ke6 32. Kf2 Rc1 33. Ra3 Rc2+ 34. Ke3 g5 35. Ra6+ Kf7 36. Rxa7+ Kg6 37. Rc7 Rxh2 38. d5 Kf6 39. c4 Ke5 40. Re7+ Kd6 41. Re6+ Kd7 42. c5 Rc2 43. Kd4 Rd2+ 44. Ke5 f4 45. c6+ Kc7 46. Re7+ Kb6 47. gxf4 Re2+ 48. Kd6 Rxe7 49. Kxe7 gxf4 50. d6 Kxc6 51. d7 Kd5 52. d8Q+ Ke4 53. Qd2 Kf3 54. Kf6 Kg3 55. Kf5 f3 56. Qf4+ 1-0